01292 2200265 4500001002100000005001500021035002000036007000300056008004100059020002200100082001300122084001900135100002100154245006400175250001400239300003300253700003000286520055800316264004200874336002100916337003000937338002300967650002000990990001601010INLIS00000000004299020210819112321 a0010-0821000201ta210819 1 ind  a978-623-242-230-8 a899.2213 a899.2213 CHA s0 aChandra Bientang1 aSang peramal /cChandra Bientang ;penyunting, Yuli Pritania aCetakan 1 a308 halaman ;c14 cm x 21 cm0 aYuli Pritaniaepenyunting aNamanya Imar Mulyani. Semua orang menyebutnya Sang Peramal. Dia sering muncul tiap akhir tahun di TV, membacakan nasib-nasib yang tertera pada kartu-karu Tarot-nya.Bencana alam, skandal artis atau pejabat, semua yang buruk-buruk, pokoknya. Yang bisa membuat seluruh Indonesia heboh. Para kliennya, baik yang terkenal maupun orang biasa, memiliki satu kesamaan: punya rahasia kelam. Ketika suatu hari Imar mendadak hilang, di tengah-tengah jamuan makan malam yang dia selenggarakan, siapa lagi yang harus disalahkan kalau bukan salah satu dari mereka? aJakarta Selatan :bNoura Books,c2021 2rdacontentateks 2rdamediaatanpa perantara 2rdacarrieravolume 4aFiksi Indonesia a48125.60945